|
|
|
|
| LEADER |
00000cab a2200000 a 4500 |
| 001 |
035002 |
| 003 |
UAHC_CL |
| 005 |
20170803123818.0 |
| 008 |
030905b xx j 000 1 spa |
| 040 |
|
|
|a UAHC_CL
|c UAHC_CL
|d UAHC_CL
|
| 100 |
1 |
|
|a Costello, Raymond M.
|
| 245 |
1 |
0 |
|a Minimal model to document psychometric change after standard anterior temporal lobectomy for intractable seizure disorder /
|c Raymond M. Costello , Bruce Mayes , C. Akos Szabo ... [et al.].
|
| 300 |
|
|
|a [9] p.
|
| 500 |
|
|
|a En: Journal of Clinical Psychology. -- Vol.59, N¼9 (2003), p. 933-942
|
| 500 |
|
|
|a En: Journal of Clinical Psychology. -- Vol.59, Nº9 (2003), p. 933-942
|
| 700 |
1 |
|
|a Mayes, Bruce
|
| 700 |
1 |
|
|a Szabo, C. Akos
|
| 900 |
|
|
|a JOURNAL OF CLINICAL PSYCH.-09/03
|
| 942 |
|
|
|c REVA
|
| 952 |
|
|
|0 0
|1 0
|4 0
|6 JOURNAL_OF_CLINICAL_PSYCH_09_03_000000000000000
|7 0
|8 General
|9 66490
|a BC
|b BC
|c General
|d 2017-08-03
|l 0
|o JOURNAL OF CLINICAL PSYCH.-09/03
|p FICTICIO4352
|r 2019-01-08 00:00:00
|t 1
|w 2017-08-03
|y REVA
|
| 999 |
|
|
|c 35002
|d 35002
|